000 00764nam a22002177a 4500
999 _c15726
_d15726
003 AR-CdUCM
008 190429b ||||| |||| 00| 0 spa d
040 _aMUNICIPALIDAD PROVINCIAL DEL CUSCO
_cBIBLIOTECA MUNICIPAL DEL CUSCO
082 _a861 /
_bED25 / 1975
110 _aComité de educación
_934902
245 _aPrimeros juegos florales :
_bPoesía, cuento, ensayo /
260 _aTrujillo :
_bCooste,
_c1975.
300 _a51 páginas ;
_c18 cm.
440 _aAmauta
_nN° 3
_934903
505 _aContenido : Acerca del arte y la literatura -- Una conferencia de prensa no difundida -- Primeros juegos florales ...
650 _aPoesía
_9139
650 _aCuentos
_9312
650 _aEnsayo
_9274
942 _2ddc
_cFOLLETOS
945 _arah
_d29/04/2019